Tích phân ngẫu nhiên α - ổn định : Luận văn thạc sĩ. Chuyên ngành: Lý thuyết xác suất và thống kê toán học

Luận văn gồm 3 chương. Chương 1 tác giả trình bày những khái niệm cơ bản về các quá trình ngẫu nhiên liên quan. Chương 2 trình bày những nội dung của tích phân ngẫu nhiên α- ổn định. Chương3 tác gải xây dựng ngẫu nhiên α- ổn định phức và...

সম্পূর্ণ বিবরণ

সংরক্ষণ করুন:
গ্রন্থ-পঞ্জীর বিবরন
প্রধান লেখক: Đinh, Hoài Em
বিন্যাস: গ্রন্থ
ভাষা:Undetermined
প্রকাশিত: Cần Thơ Trường Đại học Cần Thơ 2012
বিষয়গুলি:
ট্যাগগুলো: ট্যাগ যুক্ত করুন
কোনো ট্যাগ নেই, প্রথমজন হিসাবে ট্যাগ করুন!
Thư viện lưu trữ: Trung tâm Học liệu Trường Đại học Cần Thơ
LEADER 01245nam a2200217Ia 4500
001 CTU_174674
008 210402s9999 xx 000 0 und d
082 |a 519.2 
082 |b E202 
088 |a 60460106 
100 |a Đinh, Hoài Em 
245 0 |a Tích phân ngẫu nhiên α - ổn định : 
245 0 |b Luận văn thạc sĩ. Chuyên ngành: Lý thuyết xác suất và thống kê toán học 
245 0 |c Đinh Hoài Em ; Dương Tôn Đảm (Người hướng dẫn khoa học) 
260 |a Cần Thơ 
260 |b Trường Đại học Cần Thơ 
260 |c 2012 
520 |a Luận văn gồm 3 chương. Chương 1 tác giả trình bày những khái niệm cơ bản về các quá trình ngẫu nhiên liên quan. Chương 2 trình bày những nội dung của tích phân ngẫu nhiên α- ổn định. Chương3 tác gải xây dựng ngẫu nhiên α- ổn định phức và các tính chất đặc trưng của tích phân này. 
650 |a Tóan thống kê,Mathematical statistics,Probabilities 
904 |i Cẩm Thân 
980 |a Trung tâm Học liệu Trường Đại học Cần Thơ